000 00207nam a2200085 4500
001 1258925
005 20260406100940.0
245 _aKRALİÇEYİ KURTARMAK
_cVLADİMİR TUMANOV
260 _bGÜNIŞIĞI KİTAPLIĞI
999 _c1258925
_d1258925